Statistics for People by U.S. State - Multiple Choice

Click here to take the quiz!

General Stats

  • This quiz has been taken 6,225 times
  • The average score is 11 of 16

Answer Stats

Question Answer % Correct
Barack ObamaHawaii
84%
Bill ClintonArkansas
84%
Bruce SpringsteenNew Jersey
80%
Henry FordMichigan
80%
George WashingtonVirginia
79%
Louis ArmstrongLouisiana
78%
Mark TwainMissouri
73%
Michael JacksonIndiana
72%
LeBron JamesOhio
70%
Bill GatesWashington
69%
Stephen KingMaine
66%
Will SmithPennsylvania
65%
Abraham LincolnKentucky
43%
Elvis PresleyMississippi
41%
Bob DylanMinnesota
36%
Babe RuthMaryland
34%

Score Distribution

Percentile by Number Answered

Percent of People with Each Score

Your Score History

You have not taken this quiz